2k20 Rewards Galaxy Opals - Statistics

General Stats
  • This quiz has been taken 7 times
  • The average score is 25 of 48
Answer Stats
Picture Answer % Correct
Julius Erving
100%
Brandon Roy
86%
Dwight Howard
86%
Isiah Thomas
86%
Karl-Anthony Towns
86%
Tim Duncan
86%
Zach LaVine
86%
Amar'e Stoudemire
71%
Bob Pettit
71%
Bradley Beal
71%
David Robinson
71%
DeMar DeRozan
71%
Gilbert Arenas
71%
Grant Hill
71%
Ja Morant
71%
Jaren Jackson Jr.
71%
Josh Smith
71%
Mark Eaton
71%
Penny Hardaway
71%
Richard Jefferson
71%
Tony Parker
71%
Artis Gilmore
57%
Bol Bol
57%
Dell Curry
57%
John Collins
57%
Mark Aguirre
57%
Nicolas Batum
57%
Rudy Gay
57%
Thon Maker
57%
Doc Rivers
43%
Lenny Wilkens
43%
Mohamed Bamba
43%
Rick Barry
43%
Dan Issel
29%
Dave Cowens
29%
Michael Beasley
29%
Terry Cummings
29%
Dick Barnett
14%
Dick Van Arsdale
14%
Gus Williams
14%
Hersey Hawkins
14%
Nate Archibald
14%
Spencer Haywood
14%
Tom Heinsohn
14%
Kiki Vandeweghe
0%
Louie Dampier
0%
Mel Daniels
0%
Rudy Larusso
0%
No matching quizzes found
Score Distribution
Percent of People with Each Score
Percentile by Number Answered
Your Score History
You have not taken this quiz